Français célèbres - Quiz d'images - Statistiques

Statistiques générales
  • Ce quiz a été pris 412 fois
  • Le résultat moyen est 8 sur 16
Statistiques - réponses
Par images Réponse % Correct
Emmanuel Macron
99%
Marine Le Pen
97%
Charles de Gaulle
96%
Nicolas Sarkozy
94%
François Mitterrand
83%
Catherine Deneuve
79%
Marion Cotillard
74%
Amélie Mauresmo
55%
Christine Lagarde
45%
Voltaire
41%
Andre the Giant
20%
Jules Verne
16%
Nostradamus
15%
Claude Debussy
10%
Julie Delpy
10%
Anaïs Nin
2%
Aucun quiz correspondant
Distribution des résultats
% des personnes avec chaque résultat
Percentile par nombre de réponses
Votre historique - résultats
Vous n’avez pas pris ce quiz